Figure out the Taylor Swift song #2 - Statistics

General Stats
  • This quiz has been taken 2,779 times
  • The average score is 153 of 238
Answer Stats
Answer % Correct
I
99%
a
97%
A
97%
you
97%
You
97%
me
94%
the
93%
The
93%
And
88%
and
88%
your
84%
it
82%
be
81%
when
81%
on
80%
in
79%
can
76%
no
76%
That
76%
that
76%
your're
75%
don't
74%
Don't
74%
for
73%
For
73%
know
72%
So
72%
they
72%
They
72%
this
72%
What
72%
what
72%
with
71%
are
70%
at
69%
see
69%
Like
68%
can't
67%
time
67%
Look
65%
would
65%
But
64%
made
63%
baby
62%
by
61%
call
61%
one
61%
It's
60%
about
59%
him
59%
just
59%
out
59%
thing
59%
kid
58%
well
58%
affairs
56%
illicit
56%
little
56%
show
56%
that's
56%
mess
55%
Tell
55%
times
55%
anyone
54%
else
54%
million
54%
colors
52%
friends
52%
leave
52%
Leave
52%
lie
52%
myself
52%
showed
52%
speak
52%
their
52%
You'll
52%
fool
51%
Take
51%
damn
50%
down
50%
idiotic
50%
Make
50%
run
50%
secret
50%
wanna
50%
always
49%
language
49%
meetings
49%
ruin
49%
scream
49%
even
48%
eyes
48%
from
48%
godforsaken
48%
taught
47%
first
46%
head
46%
only
46%
keep
45%
over
45%
return
45%
single
45%
stares
45%
stop
45%
dies
44%
parking
44%
perfume
44%
beautiful
43%
behind
43%
Ends
43%
exist
43%
flushed
43%
lots
43%
picked
43%
shelf
43%
started
43%
trace
43%
sees
42%
sure
42%
truth
42%
yourself
42%
clandestine
41%
few
41%
hundred
41%
less
41%
longing
41%
nobody
41%
road
41%
rooms
41%
words
41%
high
40%
stolen
40%
traveled
39%
drug
38%
Hood
38%
worked
38%
born
36%
glance
35%
dwindling
31%
mercurial
31%
they lie
9%
No matching quizzes found
Score Distribution
Percent of People with Each Score
Percentile by Number Answered
Your Score History
You have not taken this quiz